00000000cam 2200000zi 4500
0019.963159
003CaOODSP
00520260528152105
006m     o  d f      
007cr |n|||||||||
008260528e202605##onc     ob   f|0| 0 fre d
040 |aCaOODSP|bfre|erda|cCaOODSP
043 |an-cn---
0861 |aXC71-1/1-451-4F-PDF
1101 |aCanada. |bParlement. |bChambre des communes. |bComité permanent de la condition féminine, |eauteur, |eorganisme de publication.
24510|aPrévenir la violence contre les femmes : |bréformes des dispositions du Code criminel relatives aux engagements de ne pas troubler l'ordre public, à la mise en liberté sous caution et à la détermination de la peine au Canada / |cDominique Vien, présidente.
264 1|a[Ottawa] : |bChambre des communes, Canada = House of Commons, Canada, |cmai 2026.
300 |a1 ressource en ligne (viii, 76 pages).
336 |atexte|btxt|2rdacontent/fre
337 |ainformatique|bc|2rdamedia/fre
338 |aressource en ligne|bcr|2rdacarrier/fre
4901 |aRapport du Comité permanent de la condition féminine ; |v4e rapport, 45e législature, 1re session
500 |aPublié aussi en anglais sous le titre : Preventing violence against women: Criminal Code peace bonds, bail and sentencing reforms in Canada.
504 |aComprend des références bibliographiques.
61016|aCanada. |tCode criminel.
650 6|aViolence basée sur le genre|xPrévention|xPolitique gouvernementale|zCanada.
650 6|aCautionnement|zCanada|vLégislation.
650 6|aSentences (Procédure pénale)|zCanada.
7001 |aVien, Dominique.
77508|tPreventing violence against women : |w(CaOODSP)9.963156
830#0|aRapport du Comité permanent de la condition féminine ;|v4e rapport, 45e législature, 1re session.|w(CaOODSP)9.503203
85640|qPDF|s4.04 Mo|uhttps://publications.gc.ca/collections/collection_2026/parl/xc71-1/XC71-1-1-451-4-fra.pdf
8564 |qHTML|sS.O.|uhttps://www.noscommunes.ca/documentviewer/fr/45-1/FEWO/rapport-4